000 00652nam a22001817a 4500
003 BUBTL
008 190428b xxu||||| |||| 00| 0 eng d
020 _a978-984-84160-8-2
082 _a954.92 / IBA
100 _92302
_aইব্রাহিম, নীলিমা
245 _aআমি বীরাঙ্গনা বলছি /
_cনীলিমা ইব্রাহিম
260 _aঢাকা :
_bজাগৃতি প্রকাশনী,
_cc1998
300 _a160 p. :
_c21 cm.
650 0 _91755
_aমুক্তিযুদ্ধ
856 _k0
_l0
_yDownload
942 _2ddc
_cBK
999 _c5999
_d5999